[Event "Aurangabad MyBrain op 1st"]
[Site "Aurangabad"]
[Date "2018.04.28"]
[Round "1"]
[White "Rudrapratap, Satish Ghatge"]
[Black "Laxman, Rajaram"]
[Result "0-1"]
[WhiteElo "1104"]
[BlackElo "2446"]
[PlyCount "60"]
[EventDate "2018.04.28"]
[EventType "swiss (rapid)"]
[EventRounds "9"]
[EventCountry "IND"]
[SourceTitle "CBM 184 Extra"]
[Source "ChessBase"]
[SourceDate "2018.06.28"]
[SourceVersion "1"]
[SourceVersionDate "2018.06.28"]
[SourceQuality "1"]

1. d4 Nf6 2. c4 g6 3. Nc3 Bg7 4. e4 0-0 5. e5 Ne8 6. Bd3 d6 7. exd6 Nxd6 8. Nf3 Nc6 9. Be3 Bg4 10. Be2 Bxf3 11. Bxf3 Nxc4 12. Bxc6 bxc6 13. Qa4 Nxb2 14. Qxc6 e5 15. dxe5 Nd3+ 16. Ke2 Nxe5 17. Qd5 Qc8 18. Qc5 Qg4+ 19. f3 Qxg2+ 20. Bf2 Qxf3+ 21. Kd2 Nd3 22. Qe3 Qxf2+ 23. Qxf2 Nxf2 24. Rhf1 Rad8+ 25. Kc2 Rd3 26. Rxf2 Rxc3+ 27. Kd2 Rd8+ 28. Ke2 Rc2+ 29. Kf3 Rxf2+ 30. Kxf2 Bxa1 0-1